00577nam a2200205 a 4500001001300000003000900013005001700022008004100039020002300080082001600103100002100119245004500140260005700185300000900242500003500251505001000286650003400296650002000330700002100350nice12345678IN_TiNIC20260116012241.0050524s1993 nota grp 000 0 eng  a0268872 c10000a291.24bBUR aBurrell, David B aFreedom and Creation in Three Traditions aNotre Dame inbUniversity of Notre Dame Press c1993 a225p aincludes index and biblioraphy2 aIndex aComparative Religion-Creation aGod-Omnipotence1 aBurrell, David B